THE NORMAL CHILD (Record no. 15213)

MARC details
000 -LEADER
fixed length control field 00288nam a22001337a 4500
003 - CONTROL NUMBER IDENTIFIER
control field SGT
020 ## - INTERNATIONAL STANDARD BOOK NUMBER
International Standard Book Number 0-443-05707-9
082 ## - DEWEY DECIMAL CLASSIFICATION NUMBER
Classification number 610.92
Item number N06B
100 ## - MAIN ENTRY--PERSONAL NAME
Personal name BELLMAN, MARTIN
245 ## - TITLE STATEMENT
Title THE NORMAL CHILD
260 ## - PUBLICATION, DISTRIBUTION, ETC. (IMPRINT)
Place of publication, distribution, etc EDINBURGH
Name of publisher, distributor, etc ELSEVIER
Year of Publication 2006
300 ## - PAGE DESCRIPTION
No. of Pages 214
942 ## - ADDED ENTRY ELEMENTS (KOHA)
Source of classification or shelving scheme Dewey Decimal Classification
Koha item type Books
942 ## - ADDED ENTRY ELEMENTS (KOHA)
-- 2
Holdings
Withdrawn status Lost status Source of classification or shelving scheme Damaged status Not for loan Collection code Home library Current library Shelving location Date acquired Vendor Name SGTU Bill Number Total Checkouts Full call number Accession No. (Barcode) Date last seen Date last borrowed Bill Date Koha item type
    Dewey Decimal Classification     NURSING SGT Medical Library SGT Medical Library Reference Book 10/02/2018 ABC SGTU 7429 2 610.92 N06B FN3733 02/01/2024 16/12/2023 04/11/2016 Books